Encuentros. (Registro nro. 3088)

Detalles MARC
000 -LEADER
fixed length control field 01892nam a2200205 a 4500
008 - CAMPO DE CONTROL (LIBRO)
fixed length control field 200311s2015 A ||||er|||| 001 0 SPA d
020 ## - INTERNATIONAL STANDARD BOOK NUMBER
ISBN 9789504928362
041 ## - CODIGO DE IDIOMA
Código de idioma del texto/pista de sonido o título separado spa
092 ## - SIGNATURA TOPOGRAFICA DEWEY LOCAL
número de clasificación 808
libristica 75
sección ROL
100 1# - ENTRADA PRINCIPAL--NOMBRE PERSONAL
Nombre personal Rolón, Gabriel.
9 (RLIN) 4130
245 ## - TITULO PROPIAMENTE DICHO
Título Encuentros.
Subtítulo y Título paralelo El lado B del amor /
Mención de responsabilidad y remanente de la transcripción de la portada Gabriel Rolón.
250 ## - MENCION DE EDICION
Mención de edición 20a ed.
260 ## - PIE DE IMPRENTA
Lugar de publicación, distribución, etc Buenos Aires:
Nombre de la editorial, distribuidor, etc Planeta;
Fecha de publicación 2015.
300 ## - DESCRIPCION FISICA
Extension 288 p.
Otros detalles físicos 21x14 cm
500 ## - NOTA GENERAL
Nota general Rolón, G. (2015). Encuentros. El lado B del amor. (20a ed.). Buenos Aires : Planeta.
505 ## - NOTA DE CONTENIDO
Nota de contenido formateada "No es cierto que el amor todo lo puede. No es cierto que el que ama no puede engañar. No es cierto que a la relación amorosa no haya que ponerle condiciones. No es cierto que el amor y el deseo vayan siempre de la mano. Pero decir que todo esto no es cierto no implica que sea imposible", escribe Gabriel Rolón en el epílogo de su nuevo libro. Y es que, en contra de los esperable -y esperado- de un libro sobre el amor, Encuentro se mete de lleno en los pliegues de un tema tan viejo como la humanidad: los celos y el deseo, la infidelidad, la pareja y la sexualidad, las relaciones entre padres e hijos, el enamoramiento y la ilusión vana de lo "eterno". Así, ese "lado B del amor" cuestiona esos lugares comunes que atraviesan el decir cotidiano y que, más de una vez, nos hacen tomar decisiones equivocadas que nos precipitan hacia la angustia, el dolor y la desilusión. Sin embargo, lejos de una postura cínica o sombría, la siempre lúcida y aguda mirada del autor de Historias de diván arroja luz y hace de Encuentros -fruto de una ida y vuelta, cara a cara, entre el autor y los lectores -un material indispensable para entender que, a pesar de las asperezas, el amor es, sin lugar a dudas, el motor más importante de la vida.
590 ## - NOTAS LOCALES (RLIN)
Nota local Proyecto 4to libro. Donación Pardo Paula. Marzo 2020.
655 ## - MATERIA - GENERO/FORMA
Género/Forma Literatura
-- 2917
942 ## - ADDED ENTRY ELEMENTS (KOHA)
Source of classification or shelving scheme Dewey Decimal Classification
Item type LITERATURA
Existencias
Estado de retiro Existencia Fuente de clasificación Estado general No para prestamo Ubicación permanente ubicación actual Sala de ubicación Fecha de adquisición Fuente de adquisición Total Checkouts Total Renewals Número de clasificación Código de barras Date last seen Date last borrowed Número de ejemplar Price effective from Koha tipo de elemento (item) Public note
    Dewey Decimal Classification     Biblioteca Medicina Biblioteca Medicina Circulación 11/03/2020 Donación Pardo, Paula. marzo 2020 5 6 808 75 ROL 4639 06/08/2024 03/07/2024 Ej. 1 11/03/2020 LITERATURA Proyecto 4to libro. Donación Pardo, Paula. marzo 2020

UNIVERSIDAD NACIONAL DEL COMAHUE
Biblioteca de la Facultad de Ciencias Médicas
Sede Toschi: Los Arrayanes y Av. Toschi, Cipolletti  - Rio Negro
Sede Los Tordos:  Yrigoyen al 2211, Cipolletti - Rio Negro 

Teléfono: 0299 - 4774707 int 25
Contacto: biblioteca@facimed.uncoma.edu.ar
© 2011 - 2026